000 00670nam a2200253Ia 4500
005 20250425162150.0
008 250425s9999 xx 000 0 und d
020 _a9682442273
041 _aspa
043 _amx
082 _a574.522
_pOND
100 _aOndarza, Raúl
245 0 _aEl impacto del hombre sobre la tierra
_cRaúl N. Ondarza
250 _aCuarta edición
260 _aMéxico
_bTRILLAS
_c1997
300 _a179 páginas
_bilustraciones
_c24 cm.
500 _aIncluye índice y bibliografía
650 _aEcología
650 _aEvolución
650 _aVida - Origen
902 _aMonográfico
_cImpreso
942 _c01
010 _a54089
999 _c223648
_d223648